01893naa a2200181 a 450000100080000000500110000800800410001910000190006024501330007926000090021252012930022165300190151465300190153365300120155270000220156470000180158677301070160411266252017-09-06 2017 bl uuuu u00u1 u #d1 aMARTINS, G. N. aPRODU????O E COMERCIALIZA????O DE SEMENTE CERTIFICADA DAS CULTIVARES EPAGRI SAFRAS 2014/2015 e 2015/2016.h[electronic resource] c2017 aO sistema de produ????o e certifica????o de sementes tem por objetivo disponibilizar material de multiplica????o com garantia de identidade e qualidade, atendendo aos padr??es estabelecidos pelo Minist??rio da Agricultura, Pecu??ria e Abastecimento (MAPA), atrav??s da Lei Federal 10.711 (05/08/2003), regulamentada pelo Decreto 5.153 (23/07/2004), a Instru????o Normativa 09 (02/06/2005) e a Instru????o Normativa 45 (17/09/2013). O objetivo deste trabalho foi relatar as informa????es sobre a produ????o e comercializa????o de semente certificada das cultivares Epagri em Santa Catarina na safra 2014/2015 e 2015/2016. Os dados analisados foram extra??dos do Mapa de produ????o e comercializa????o de sementes (Anexo XXIX) da Instru????o Normativa 09/2005, referente as safras 2014/2015 e 2015/2016, de cada produtor credenciado para produ????o de sementes das cultivares Epagri em Santa Catarina. Os resultados foram organizados por ordem no Registro Nacional de Cultivares (RNC). A Epagri e a Acapsa tem disponibilizado no mercado semente certificada em quantidades suficientes para atender a demanda dos produtores catarinenses e o excedente, tem sido comercializado em outras regi??es produtoras de arroz irrigado. As cultivares mais comercializadas foram SCS121 CL e SCS116 Satoru. aarroz irrigado aSanta Catarina asemente1 aSCHIOCCHET, M. A.1 aTERRES, L. R. tIn: CONGRESSO BRASILEIRO DE ARROZ IRRIGADO, 10., 2017, Gramado. Resumos... Porto Alegre: Sosbai, 2017.